Hội họp và thuyết trình

Gespeichert in:
Bibliographische Detailangaben
Körperschaft: Business Edge
Format: Buch
Sprache:Undetermined
Veröffentlicht: Thành phố Hồ Chí Minh Trẻ 2004
Schlagworte:
Tags: Tag hinzufügen
Keine Tags, Fügen Sie den ersten Tag hinzu!
Thư viện lưu trữ: Trung tâm Học liệu Trường Đại học Cần Thơ
LEADER 00570nam a2200193Ia 4500
001 CTU_65009
008 210402s9999 xx 000 0 und d
020 |b 21500 
082 |a 658 
082 |b B979 
110 |a Business Edge 
245 0 |a Hội họp và thuyết trình 
245 0 |c Business Edge 
260 |a Thành phố Hồ Chí Minh 
260 |b Trẻ 
260 |c 2004 
650 |a Executives,Business management,Creative ability in business 
904 |i Trúc Phương,Hải 
980 |a Trung tâm Học liệu Trường Đại học Cần Thơ